000 00269nam a22000857a 4500
008 170113b xxu||||| |||| 00| 0 eng d
100 _92376
_aShyam Sundar. G
245 _aBroadway: A Multi skill Course in English- Literature Reader-7
260 _aNew Delhi
_bOxford Press
_c2005
999 _c5377
_d5377